000 00637nam a2200241Ia 4500
001 13657
005 20240113235458.0
007 ta
008 051112s a g b000 u asm u
040 _aCotton College,Assam
041 _aasm
082 _a891.4111
_bN 35 J
100 _aNeog, Dimbeswar .
245 0 _aJuganayak Sankardeva /
_cDimbeswar Neog.
_hTextual Documents
250 _a1st ed. /
260 _aGuwahati :
_bDutta Barua & Co ,
_cnd.
300 _a462p. :
_bill ;
_c22cm .
653 _aAssamese Poetry-Religion
653 _aG-Assamese
942 _2ddc
_cBK
999 _c13643
_d13643